| 000 | 02557nam a22003857a 4500 | ||
|---|---|---|---|
| 001 | 103401 | ||
| 003 | KnowledgeUnlatched | ||
| 005 | 20210303104723.0 | ||
| 006 | m o d | ||
| 007 | cr u|||||||||| | ||
| 008 | 210129p20162017ncu o u00| u eng d | ||
| 035 | _a(OCoLC)936814218 | ||
| 037 | _5BiblioBoard | ||
| 245 | 0 | 0 |
_aDiaspora and Trust _bCuba, Mexico, and the Rise of China / _cAdrian H. Hearn. |
| 020 | _a9781478091233 | ||
| 029 | 1 | _ahttps://library.biblioboard.com/ext/api/media/9c1daf31-7ff6-4456-9ae8-eb80beac1945/assets/thumbnail.jpg | |
| 040 |
_aScCtBLL _cScCtBLL |
||
| 100 | 1 |
_aHearn, Adrian H. _eauthor. |
|
| 264 | 1 | _bDuke University Press, | |
| 300 | _a1 online resource (274 p.) | ||
| 506 | 0 |
_aAccess copy available to the general public. _fUnrestricted _2star |
|
| 520 | _aIn Diaspora and Trust Adrian H. Hearn proposes that a new paradigm of socio-economic development is gaining importance for Cuba and Mexico. Despite their contrasting political ideologies, both countries must build new forms of trust among the state, society, and resident Chinese diaspora communities if they are to harness the potentials of China's rise. Combining political and economic analysis with ethnographic fieldwork, Hearn analyzes Cuba's and Mexico's historical relations with China, and highlights how Chinese diaspora communities are now deepening these ties. Theorizing trust as an alternative to existing models of exchange-which are failing to navigate the world's shifting economic currents-Hearn shows how Cuba and Mexico can reformulate the balance of power between state, market, and society. A new paradigm of domestic development and foreign engagement based on trust is becoming critical for Cuba, Mexico, and other countries seeking to benefit from China's growing economic power and social influence. | ||
| 588 | 0 | _aDescription based on print version record. | |
| 590 | _aKnowledge Unlatched Round 2 | ||
| 650 | 7 |
_aPolitical Science / International Relations _2bisacsh |
|
| 650 | 7 |
_aHistory _2bisacsh |
|
| 650 | 7 |
_aPolitical Science _2bisacsh |
|
| 650 | 0 | _aPolitical science | |
| 655 | 0 | _aElectronic books. | |
| 758 |
_iIs found in: _aKnowledge Unlatched _1https://openresearchlibrary.org/module/2774bc74-146a-484f-a7ba-ab1d6a09bbfb |
||
| 856 | 4 | 0 |
_uhttps://openresearchlibrary.org/content/9c1daf31-7ff6-4456-9ae8-eb80beac1945 _zView this content on Open Research Library. _70 |
| 999 |
_c32390 _d32390 |
||